书目信息 |
| 题名: |
圆号吹奏入门
|
|
| 作者: | 郑乃炘 编著 | |
| 分册: | ||
| 出版信息: | 上海 上海音乐出版社 1999 |
|
| 页数: | 119页 | |
| 开本: | 26cm | |
| 丛书名: | 管乐吹奏入门丛书 | |
| 单 册: | ||
| 中图分类: | J621.86 | |
| 科图分类: | ||
| 主题词: | 器乐--理论 , 器乐--奏法 , 器乐--演奏 | |
| 电子资源: | ||
| ISBN: | 7-80553-515-9 | |
| 000 | 00676nam0 2200241 450 | |
| 001 | 0755012368 | |
| 005 | 20070702163450.43 | |
| 010 | @a7-80553-515-9@dCNY12.00 | |
| 100 | @a20070702d1999 km y0chiy0120 ea | |
| 101 | 0 | @achi |
| 102 | @aCN@b310000 | |
| 200 | 1 | @a圆号吹奏入门@Ayuan hao chui zou ru men@f郑乃炘编著@Fzheng nai xin bian zhu |
| 210 | @a上海@c上海音乐出版社@d1999 | |
| 215 | @a119页@d26cm | |
| 225 | 2 | @a管乐吹奏入门丛书 |
| 410 | 0 | @12001 @a管乐吹奏入门丛书 |
| 606 | 0 | @a器乐@x理论 |
| 606 | 0 | @a器乐@x奏法 |
| 606 | 0 | @a器乐@x演奏 |
| 690 | @aJ621.86@v3 | |
| 701 | 0 | @a郑乃炘@Azheng nai xin@4编著 |
| 801 | 0 | @aCN@bPFT@c20070702 |
| 905 | @a10447@dJ621.86@e179 | |
| 圆号吹奏入门/郑乃炘编著.-上海:上海音乐出版社,1999 |
| 119页;26cm.-(管乐吹奏入门丛书) |
| ISBN 7-80553-515-9:CNY12.00 |
| ● |
| 相关链接 |
|
|
|
|
正题名:圆号吹奏入门
索取号:J621.86/179
 
预约/预借
| 序号 | 登录号 | 条形码 | 馆藏地/架位号 | 状态 | 备注 |
| 1 | 0764235 | 207642354 | 第一样本阅览室/ [索取号:J621.86/179] | 在馆 |